ADVANCED LEGAL WRITING AND ORAL ADVOCACY (Record no. 216457)
[ view plain ]
| 000 -LEADER | |
|---|---|
| fixed length control field | 00519nam a22001817a 4500 |
| 008 - FIXED-LENGTH DATA ELEMENTS--GENERAL INFORMATION | |
| fixed length control field | 260114b |||||||| |||| 00| 0 eng d |
| 020 ## - INTERNATIONAL STANDARD BOOK NUMBER | |
| International Standard Book Number | 978-1-60930-247-4 |
| 100 ## - MAIN ENTRY--PERSONAL NAME | |
| Personal name | MURRAY, MICHAEL D. |
| 245 ## - TITLE STATEMENT | |
| Title | ADVANCED LEGAL WRITING AND ORAL ADVOCACY |
| Remainder of title | TRIALS, APPEALS, AND MOOT COURT |
| 250 ## - EDITION STATEMENT | |
| Edition statement | 2ND ED |
| 260 ## - PUBLICATION, DISTRIBUTION, ETC. | |
| Place of publication, distribution, etc. | ST. PAUL |
| Name of publisher, distributor, etc. | FOUNDATION PRESS |
| Date of publication, distribution, etc. | 2014 |
| 300 ## - PHYSICAL DESCRIPTION | |
| Extent | XX, 752P. |
| 500 ## - GENERAL NOTE | |
| General note | INCLUDES INDEX |
| 650 ## - SUBJECT ADDED ENTRY | |
| Topical term or geographic name entry element | LEGAL WRITING |
| 700 ## - ADDED ENTRY--PERSONAL NAME | |
| Personal name | DESANCTIS, CHRISTY H. |
| 942 ## - ADDED ENTRY ELEMENTS (KOHA) | |
| Source of classification or shelving scheme | Library of Congress Classification |
| Koha item type | Long Loan Book |
| Withdrawn status | Lost status | Source of classification or shelving scheme | Damaged status | Not for loan | Collection | Home library | Current library | Shelving location | Date acquired | Inventory number | Total checkouts | Full call number | Barcode | Date last seen | Copy number | Price effective from | Koha item type |
|---|---|---|---|---|---|---|---|---|---|---|---|---|---|---|---|---|---|
| Library of Congress Classification | Law | Kisii University Library | Kisii University Library | On Display | 01/14/2026 | 110263 | KF 250 .M87 2014 | 000000018902 | 01/14/2026 | C.1 | 01/14/2026 | Long Loan Book | |||||
| Library of Congress Classification | Law | Kisii University Library | Kisii University Library | On Display | 01/14/2026 | 110264 | KF 250 .M87 2014 | 000000024785 | 01/14/2026 | C.2 | 01/14/2026 | Long Loan Book | |||||
| Library of Congress Classification | Law | Kisii University Library | Kisii University Library | On Display | 01/14/2026 | 110265 | KF 250 .M87 2014 | 000000024784 | 01/14/2026 | C.3 | 01/14/2026 | Long Loan Book |